|
|
|
|
| LEADER |
01118nam a22002537a 4500 |
| 001 |
36567 |
| 003 |
BD-DhAAL |
| 008 |
230315t2003 wau||||| b||| 00| 0 eng d |
| 040 |
|
|
|a BD-DhAAL
|c BD-DhAAL
|
| 082 |
|
|
|a 363.7
|2 23
|
| 245 |
|
|
|a Allies or antagonists? :
|b investment, sustainable development and the WTO /
|c Heinrich Böll Foundation North America.
|
| 260 |
|
|
|a Washington, DC :
|b Heinrich Böll Foundation North America, cop.,
|c 2003.
|
| 300 |
|
|
|a vi, 110 pages ;
|c 22 cm.
|
| 504 |
|
|
|a Includes bibliographical references.
|
| 526 |
|
|
|a ESS
|
| 541 |
|
|
|a Complimentary copy from Professor Dr. Nasreen Khundker
|e 36567
|
| 610 |
|
|
|a General Agreement on Tariffs and Trade (Organization).
|9 10888
|
| 650 |
|
|
|a Environmental protection.
|
| 650 |
|
|
|a Sustainable development.
|
| 650 |
|
|
|a Foreign direct investment.
|9 53869
|
| 852 |
|
|
|a Ayesha Abed Library
|c General Stacks
|
| 942 |
|
|
|2 ddc
|c BK
|
| 999 |
|
|
|c 45599
|d 45599
|
| 952 |
|
|
|0 0
|1 0
|2 ddc
|4 0
|6 363_700000000000000_ALL
|7 0
|9 73418
|a BRACUL
|b BRACUL
|c GEN
|d 2023-03-15
|e Complimentary copy from Professor Dr. Nasreen Khundker
|l 0
|o 363.7 ALL
|p 3010036567
|r 2023-03-15
|t 1
|w 2023-03-15
|y BK
|